Monty Python and the Holy Grail Trivia Quiz Stats

 Plays Quiz Updated Nov 20, 2018

Support Sporcle.
Go Orange.
Score 0/50 Timer 10:00
1 Play Today
Hint Answer % Correct
'We are the Knights who say...'NI!'
87.6%
He's the KingArthur, son of Uther Pendragon
86.2%
'What do you do with witches?''Burn them!'
84.3%
'What also floats on water?''A duck.'
81.6%
Their horse-substituteCoconuts
81.5%
'And what do you burn, apart from witches?''Wood.'
80.8%
SecondSir Lancelot
80%
First animal fired over the battlementsCow
79.4%
'Then, shalt thou count to ___, no more, no less'Three
74.9%
Third of Sir Lancelot's questions:'What is your favorite color?'
72.3%
What they wantA Shrubbery
71.7%
The cart driver's cryBring Out Your Dead!
70.6%
Sir Lancelot's third answer:Blue
69.8%
First of Sir Lancelot's questions:'What is your name?'
69%
ThirdSir Galahad
67.9%
'King of the WHO?''The Britons.'
67.3%
FourthSir Robin
67%
Guardian of the cave of CaerbannogThe Killer Rabbit
66%
Second of Sir Lancelot's questions:'What is your quest?'
66%
Nationality of the keepers of the grailFrench
63.9%
'You must cut down the mightiest tree in the forest, with...'A Herring!'
61.5%
(portrayed by)John Cleese
60.7%
Who ends the filmInspector End of Film
59.4%
First name of the EnchanterTim
55%
The sacred relicThe Holy Hand Grenade of Antioch
54.9%
Hint Answer % Correct
...as (conceivably) carried bySwallows (African, not European)
50.9%
His trusty servantPatsy
50%
The guard's parental insult #1Your mother was a hamster
47.8%
The guard's parental insult #2Your father smelt of elderberries
45.3%
...and age37
45.1%
(portrayed by)Eric Idle
45%
What she's gotHuge tracts of land
41.2%
She opens her door for Sir GalahadZoot!
41.2%
(portrayed by)Terry Gilliam
40.4%
(portrayed by)Michael Palin
39.2%
(portrayed by)Graham Chapman
38.8%
The SongWe're Knights of the Round Table
38.3%
Arthur's sensible suggestionRun away!
37.7%
The name of the castleCastle Anthrax
37.5%
The Bridge of...Death
37.4%
The Bridgekeeper is the Old Man from Scene...24
36%
'Between our Quests, We sequin vests, And impersonate...'Clark Gable.'
35%
Mid-credit query: 'Why not try a holiday in...''Sweden this year'
33.6%
The old woman (man)'s nameDennis
32.5%
(portrayed by)Terry Jones
31.7%
First to join King Arthur's knightsSir Bedevere
31.4%
Her identical twin sisterDingo
19.8%
The name of the PrinceHerbert
18.3%
Sir Lancelot's page's nameConcorde
11.8%
Who the Prince is set to marryPrincess Lucky
10%

From the Vault

Remove Ads.
Support Sporcle.
Get the best of Sporcle when you Go Orange. This ad-free experience offers more features, more stats, and more fun while also helping to support Sporcle. Thank you for becoming a member.

Show Comments

Extras

Top Quizzes Today


Score Distribution

Your Account Isn't Verified!

In order to create a playlist on Sporcle, you need to verify the email address you used during registration. Go to your Sporcle Settings to finish the process.

Report this User

Report this user for behavior that violates our Community Guidelines.

Details: